000 00688nam a2200241Ia 4500
003 OSt
005 20221005023419.0
006 a|||||r|||| 00| 0
007 ta
008 221004b |||||||| |||| 00| 0 ara d
020 _a9789953520438 (hbk)
_c1200
024 _a14448
037 _b612, 08/09/2014, Nadwi Publications
_cTextual
040 _aCRL
_cCRL
_bara
041 _2ara
_aara
082 _aS:811, 28Q1
100 _aSeerin Ibne
_9579556
245 0 _aTafseer ahlam
260 _aBeirut
_bDarul-Katheer
_c2011
650 _aPSYCHOLOGY
942 _hS:811, 28Q1
_cTEXL
_2cc
999 _c931202
_d931202